[Event "Fraenkische GM 1st"]
[Site "Pulvermuehle"]
[Date "2000.01.14"]
[Round "3"]
[White "Zhu, Chen"]
[Black "Blatny, Pavel"]
[Result "1-0"]
[WhiteElo "2503"]
[BlackElo "2476"]
[Annotator "Tsesarsky,I"]
[PlyCount "91"]
[EventDate "2000.01.12"]
[EventType "tourn"]
[EventRounds "9"]
[EventCountry "GER"]
[EventCategory "10"]
[SourceTitle "CBM 075"]
[Source "ChessBase"]
[SourceDate "2000.04.05"]
[SourceVersion "1"]
[SourceVersionDate "2000.04.05"]
[SourceQuality "1"]

{[%mdl 160]} 1. Nf3 d5 2. d4 e6 3. c4 Nf6 4. e3 c6 5. Bd3 {The main idea of
this moves order - do not play first Nc3, so after dxc4 and Bxc4 b7-b5 black
can't play b5-d4 and attack Nc3.} Nbd7 6. O-O dxc4 7. Bxc4 b5 8. Bd3 a6 9. e4 (
9. a4 Bb7 10. e4 b4 (10... c5 11. Bg5 c4 12. Bc2 Qb6 13. d5 Bc5 14. axb5 axb5
15. Rxa8+ Bxa8 16. Nc3 exd5 17. Nxd5 Nxd5 18. exd5 O-O $11 {1/2-1/2 Shipov,
S-Zontakh,A/St.Petersburg op2 1994 (24)}) 11. e5 Nd5 12. Ng5 Be7 13. Qg4 h5 (
13... Qb6 $2 14. Nd2 h5 15. Qe4 (15. Qf3 Bxg5 16. Nc4 Qxd4 17. Nd6+ Kd8 $13)
15... c5 16. Nc4 Qc7 17. Qf3 $1 $18 {[%csl Rf7] 1-0 Kharitonov,A-Kimpinsky,F/
Berliner Sommer 1995 (27)}) 14. Qg3 h4 15. Qg4 Nf8 16. Nf3 h3 17. Qxg7 hxg2 18.
Qxh8 gxf1=Q+ 19. Bxf1 c5 20. dxc5 Bxc5 21. Bg5 Qb6 22. Bh4 Ne3 $44) 9... c5 (
9... Bb7 10. e5 Nd5 11. Ng5 Be7 (11... h6 12. Qh5 hxg5 13. Qxh8 Qb6 14. Be3
Nxe5 15. Be4 Nxe3 16. fxe3 Nd7 17. Nd2 $16 {1-0 Romanishin,O-Klovan,Y/USSR (ch)
1975/Inf 21 (48)}) 12. Qh5 Bxg5 13. Bxg5 Qb6 14. Be3 c5 15. dxc5 Nxc5 16. Bxc5
Qxc5 $11 {1/2-1/2 Bandza-Cerneanu/10.Wuerzburger op (2/13) 1994/Inf 02 (43)}) (
9... Be7 10. a4 Bb7 11. Bg5 (11. e5 Nd5 12. Nc3 Nxc3 13. bxc3 Nb6 14. axb5 cxb5
15. Nd2 Rc8 16. Ne4 Nd5 17. Qg4 g6 18. Ba3 $14 {[%csl Rd6][%cal Ge4d6] 1-0
Chatalbashev,B-Lienhard,D/Baden-Baden 1993 (37)}) 11... O-O (11... h6 12. Bh4
Qb6 13. e5 $1 (13. axb5 $2 cxb5 $132 {1/2-1/2 Zagorskis,D-Sokolov,A/Berliner
Sommer ,EXT 1994 (23)}) 13... Nd5 14. Bxe7 Nxe7 15. Nc3 b4 (15... c5 16. axb5
cxd4 17. bxa6 $16) 16. a5 Qc7 17. Ne4 O-O 18. Qd2 c5 19. Rfc1 Bxe4 20. Bxe4
Rac8 21. dxc5 Nxc5 22. Qxb4 $16) 12. Nbd2 c5 13. axb5 axb5 14. Rxa8 Bxa8 15. e5
Nd5 16. Bxe7 Qxe7 17. Bxb5 cxd4 18. Qa4 $16 {1/2-1/2 Nenadovic,L-Raicevic,M/
Belgrade GMA 1988 (49)}) (9... h6 10. Re1 Be7 11. a4 Bb7 12. Nbd2 O-O 13. Qe2
Re8 14. Nb3 b4 15. e5 Nd5 16. Qe4 Nf8 17. Qg4 $16 {1-0 Petrov,J-Radeljic,M/
CRO-chT Makarska ,EXT 1994 (23)}) 10. a4 $5 $146 (10. e5 $5 Nd5 11. Nc3 (11.
Ng5 $6 Be7 12. Qh5 (12. Qg4 cxd4 13. Re1 (13. Nxe6 fxe6 14. Qxg7 Rf8 15. Bxh7
Nc5 (15... Qc7 $17) 16. Qg4 Bb7 (16... Kd7 17. Qxd4 $15 {0-1 Vadasz,L-Tompa,J/
Ungarn-ch 1977/Inf 24 (22)}) 17. Bh6 Rh8 18. Bg7 Kd7 $19) 13... h5 14. Qg3 Nc5
$17) (12. Nxh7 g6 13. Nf6+ N7xf6 14. exf6 Bxf6) 12... g6 13. Qh6 Bf8 14. Qh3
cxd4 15. Bxg6 Nxe5 16. Bh5 h6 17. f4 hxg5 18. fxe5 Rh7 19. Qf3 Ra7 20. Nd2 Nf4
21. Ne4 Bb7 22. Bxf4 Bxe4 23. Qxe4 Rxh5 24. Bg3 Rc7 25. a4 Bc5 26. axb5 axb5
27. Ra8 Rc8 28. Qb7 {1-0 Barcza,G-Bely,M/HUN ch 1954 (28)}) (11. Nbd2 Bb7 12.
Ne4 cxd4 13. Bg5 Qb6 14. Rc1 h6 15. Bh4 Nc5 16. Bb1 Nf4 17. Nxc5 Bxc5 18. Bg3
Nd5 $15 {1-0 Szabo,Z-Videki,S/Balatonbereny op SZT 1995 (35)}) 11... Bb7 $132)
(10. d5 Qc7 (10... Nb6 11. Re1 (11. dxe6 Bxe6 12. Qe2 Be7 13. Rd1 Qc7 $11 {
1-0 Kurki,M-Paakkonen,T/cr SF 1993 (36)}) 11... exd5 12. exd5+ Be7 13. d6 Qxd6
14. Bxb5+ Kf8 15. Qxd6 Bxd6 16. Bc6 $14 {1/2-1/2 Kochiyev Alexander-Pakkanen,J/
Kuopio Finland 1995 (42)}) (10... e5 11. Bg5 h6 12. Bh4 c4 13. Bc2 Bd6 14. Bg3
Qc7 15. Nc3 O-O 16. Rc1 Re8 17. Bb1 Nc5 $132 {1/2-1/2 Guimard,C-Najdorf,M/New
York Wer mem(2) 1951 (55)}) (10... c4 11. dxe6 (11. Bc2 Qc7 12. Nc3 Be7 13. Re1
O-O 14. Bg5 Bc5 15. Bxf6 Nxf6 16. dxe6 fxe6 17. Rf1 Bb7 $15 {0-1 Shishkov,
A-Kelly,B/ch World cadets (under 1994 (26)}) 11... fxe6 12. Bc2 Nc5 13. Qxd8+
Kxd8 14. Ng5 Ke8 15. e5 Ng4 16. Nxh7 Nxe5 17. Nxf8 Rxf8 18. b3 Ncd3 $11 {
1-0 Loeffler,S-Kroeze,F/Leeuwarden NED-ch-un 1994 (35)}) 11. dxe6 fxe6 12. a4
c4 13. Bc2 Bb7 14. axb5 axb5 15. Rxa8+ Bxa8 16. Nc3 b4 17. Nb5 Qb6 18. Nfd4 b3
19. Bb1 Kf7 20. Qe2 Ne5 $132 {1/2-1/2 Gallego,V-Oms,J/Barcelona UGA 1994 (24)})
10... c4 $6 {This move make White center stronger} (10... Bb7 $142 $5 {[%csl
Re4]} 11. Nbd2 $5 (11. axb5 axb5 12. Rxa8 Qxa8 13. Bxb5 Bxe4 14. Nbd2 Bd5 $11)
(11. Bg5 cxd4 12. axb5 axb5 13. Rxa8 Qxa8 $11) 11... c4 (11... cxd4 12. axb5
axb5 13. Rxa8 Qxa8 14. Bxb5 Bxe4 15. Nxe4 Qxe4 16. Qa4 $14) 12. Bc2 Be7 {
And if we'll compare this position with position in this game after some moves,
we'll see - white Nb1 placed on d2 and Ng5 afteer e4-e5 is impossible}) 11. Bc2
Bb7 12. e5 (12. Qe2 $5) 12... Nd5 13. Ng5 $1 {If Pd4 not attacked - this move
is asked.} Be7 14. Qh5 Bxg5 15. Bxg5 $14 {[%csl Yc2,Yg5]} Qb6 16. Nc3 $2 (16.
axb5 Qxd4 17. bxa6 Rxa6 18. Rxa6 Bxa6 19. Ba4 {[%csl Rf7][%cal Ga4d7]} Rf8 20.
Re1 (20. Qe2 Nb4 (20... Qd3 21. Qxd3 cxd3 22. Nd2 h6 23. Bh4 g5 24. Bg3 Ke7 $11
) 21. Qd2 Qxd2 22. Nxd2 $11) (20. Qxh7 Qxe5 $15) 20... h6 21. Bc1 Nb4 22. Nc3
Nd3 23. Be3 Qxe5 24. Qxe5 N3xe5 25. Bc5 {[%csl Re5,Rf8]} Nd3 26. Bxf8 Nxe1 27.
Bxg7 Nd3 28. Nd1 h5 $14) 16... Nxc3 $2 $14 (16... Qxd4 17. Rad1 (17. axb5 Nxe5
(17... Nxc3 18. bxc3 Qd5 $15) 18. bxa6 Rxa6 19. Rxa6 Bxa6 20. Ba4+ Kf8 $17)
17... Qxe5 18. Rfe1 N5f6 $1 {Maybe this move was not evaluated properly by
White} (18... Qd6 19. axb5 axb5 20. Be4 {[%csl Rd5]} N7b6 21. Nxb5 $16) 19. Qh4
Qc5 {And white had to prove compensation for 2P}) 17. bxc3 Qc6 18. Qh3 Nb6 (
18... h6 19. axb5 (19. Be3 $14) 19... axb5 20. Rxa8+ Bxa8 21. Ra1 Bb7 22. Bc1
O-O 23. Qg4 (23. Qg3 Kh8 24. f3 Qb6 25. Qh4 Nxe5 26. Bxh6 Nd3 27. Be3+ Kg8 28.
Qe7 Bd5 $14) 23... Kh8 $14) 19. f4 $5 {White want more than +/= !} (19. axb5
axb5 20. Rxa8+ Bxa8 21. Ra1 h6 22. Bc1 (22. f3 Nd5 23. Bd2 O-O $14) 22... O-O
$14) 19... h6 20. Rf2 Rg8 $2 $16 {It was neseccary to accept pawn sacrifice} (
20... Nxa4 $1 21. Bh4 (21. f5 Nxc3 $19) (21. Bxa4 bxa4 22. Bh4 $132 (22. f5
exf5 (22... O-O 23. Be7 (23. Bxh6 gxh6 24. Qxh6 (24. f6 Kh7 $19) 24... exf5 $17
{[%cal Gc6g6]})) 23. Qxf5 Qd5 $132)) 21... Nb6 22. f5 Nd5 $44) 21. Bh4 {
[%cal Gf4f5]} (21. axb5 axb5 22. Rxa8+ Bxa8 23. Bh4 {[%cal Gf4f5]} g6 $14)
21... g6 {[%csl Yf5]} (21... Nxa4 {Too late} 22. f5 Nb6 23. fxe6 Qxe6 24. Bf5 (
24. Qxe6+ fxe6 25. Bg6+ Kd7 26. Rf7+ Kc6 27. Re7 Nd5 28. Rxe6+ Kc7 29. Be4 a5 (
29... g5 30. Be1 $14 {[%csl Ye6,Rh6]}) 30. Rf1 Raf8 $15 {[%csl Yd5][%cal Gb5b4]
}) 24... Qc6 (24... Qd5 25. e6 f6 26. Qg3 $18 {[%cal Gg3c7]}) 25. e6 f6 26. Qg4
$16 {[%cal Gf5h7,Gg4g6]}) 22. Bf6 h5 (22... Nd5 23. Be4 $16) (22... Nxa4 23.
Bxa4 bxa4 24. Qxh6 $16) 23. Qg3 Kd7 {King has gone to take a walk...} (23...
Nxa4 24. Bxa4 bxa4 25. Rfa2 $16 {[%csl Re8,Yf6]} (25. f5 exf5 26. Rxf5 Qxg2+ $1
$17)) 24. Bh4 Nd5 (24... Nxa4 25. Bxa4 bxa4 26. Rfa2 $16) 25. Be4 Qc7 (25...
Qb6 26. Rb2 Rgb8 (26... Nxc3 27. Bxb7 Ne2+ 28. Rxe2 Qxd4+ 29. Qe3 $18) 27. Qg5
$16) 26. Rb2 Bc6 27. Qg5 Nxc3 $2 $18 {After this move position of black
collapses as the card house...} (27... Rgb8 $6 28. Bxd5 Bxd5 29. axb5 axb5 30.
Rxa8 (30. Qe7+ Kc6 31. Rxa8 (31. Qc5+ Kd7 32. Rxa8 Qxc5 (32... Bxa8 33. Qe7+
Kc6 34. d5+ exd5 35. Qf6+ Kc5 (35... Kd7 36. Qxf7+ $18) 36. Bf2+ d4 37. Bxd4+
Kd5 38. Bf2 $18 {[%csl Rd5]}) 33. Rxb8 Qa3 34. R8xb5 Qxc3 $19) 31... Qxe7 32.
Ra6+ Kb7 33. Bxe7 Kxa6 34. Bc5 Ra8 $11) 30... Bxa8 (30... Rxa8 31. Qe7+ Kc6 (
31... Kc8 32. Qe8+ Kb7 33. Qxb5+ Kc8 34. Qe8+ $18) 32. Qc5+ Kd7 33. Qxb5+ Qc6
34. Qb4 Kc7 35. h3 $22 (35. Qe7+ Qd7) 35... Ra1+ 36. Kh2 Ra8 37. Be7 Be4 38.
Bd6+ Kc8 39. Bb8 $1 $18 {[%csl Rc8][%cal Gb4f8]}) 31. Qe7+ Kc6 32. d5+ $1 $18)
(27... bxa4 $1 28. Bxd5 Bxd5 (28... exd5 29. e6+ $1 Kc8 30. Qf6 $16) 29. Rxa4
$16) 28. Qe7+ Kc8 29. Bxc6 Qxc6 30. axb5 Nxb5 ({little bit better was} 30...
axb5 31. Rc1 Nd5 (31... Ra2 32. Rxa2 Nxa2 33. Ra1 c3 (33... Nc3 34. Qxf7 Rh8 (
34... Re8 35. Be7 {[%cal Ga1a8]} (35. Ra8+ Qxa8 36. Qxe8+ Kb7 37. Qd7+ Kb8 38.
Be1 Qa1 39. Kf1 Qd1 $11) 35... Na4 36. Bd6 c3 (36... h4 37. h3 $18 (37. Qxg6 h3
38. gxh3 $18)) 37. Qxg6 $18)))) 31. Qxf7 Re8 (31... Rh8 32. Bf6 $18) 32. Bf2 (
32. Qxg6 Nxd4 33. Rb6 Qxb6 34. Qxe8+ Kb7 35. Qd7+ Kb8 36. Bf2 Ne2+ 37. Kf1 $18)
32... h4 33. h3 (33. Rb4 $5 {[%csl Rc4,Re8][%cal Gb4c4]} Nc7 34. Bxh4 $18)
33... Qd7 34. Qxg6 Kb7 35. d5 $1 c3 (35... Qxd5 36. Qf7+ $18) (35... exd5 36.
Qb6+ Kc8 37. Rxb5 $18) 36. Rb4 Rac8 37. Rxb5+ Qxb5 (37... axb5 38. Ra7+ $18)
38. Rb1 c2 39. Rxb5+ axb5 40. Be3 c1=Q+ 41. Bxc1 Rxc1+ 42. Kh2 Ra8 43. dxe6
Raa1 44. Qh7+ Kb6 45. Qxh4 b4 46. Qd8+ 1-0

[Event "Linares Anibal op 07th"]
[Site "Linares"]
[Date "2000.01.14"]
[Round "8"]
[White "Rashkovsky, Nukhim N"]
[Black "Piankov, Evgenij"]
[Result "1/2-1/2"]
[WhiteElo "2510"]
[BlackElo "2370"]
[Annotator "Tsesarsky,I"]
[PlyCount "128"]
[EventDate "2000.01.07"]
[EventType "swiss"]
[EventRounds "10"]
[EventCountry "ESP"]
[SourceTitle "CBM 075"]
[Source "ChessBase"]
[SourceDate "2000.04.05"]
[SourceVersion "1"]
[SourceVersionDate "2000.04.05"]
[SourceQuality "1"]

1. d4 d5 2. c4 e6 3. Nf3 Nf6 4. e3 $6 {After this move White can't pretend for
advantage.} c6 $6 {Was not necessary.} (4... c5 $11 {Much better is}) 5. Bd3
$14 {The main idea of this variation is not to play Nb1-c3 in early stage of
game. So b7-b5-b4 will not bring to Black winning of tempi.} Nbd7 6. O-O dxc4
7. Bxc4 b5 8. Bd3 Bb7 (8... a6 $14 {-main line}) 9. Qe2 {Rare but not bad move}
(9. e4 a6 10. a4 Be7 (10... Qc7 11. axb5 axb5 12. Rxa8+ Bxa8 13. Bg5 h6 14. Bh4
g5 15. Bg3 Qb6 16. Nc3 g4 17. Ne5 Qxd4 18. Ng6 fxg6 19. e5 Bc5 20. Bxg6+ Ke7
21. exf6+ Nxf6 22. Qe2 $16 {1-0 Kruppa,Yuri-Solovjov,Sergey/White Nights (8) ;
EXT 99 1998 (30)}) (10... bxa4 11. Nc3 c5 12. Qxa4 cxd4 13. Nxd4 Bd6 14. Nf3
O-O 15. Rd1 Qc7 16. Bg5 $14 {1-0 Georgiev,Vladimir-Candeias,Tiago/Faro op
Algarve (2) ;EXT 2000 1999 (28)}) (10... h6 11. axb5 axb5 12. Rxa8 Bxa8 13.
Nbd2 Be7 14. Nb3 b4 15. Nfd2 c5 16. e5 Nd5 17. Nc4 $14 {1-0 Kurajica,
Bojan-Sion Castro,Marcelino/Sevilla op (4) ;TD 1993 (24)}) 11. Qe2 bxa4 (11...
b4 12. Nbd2 c5 13. Nc4 (13. e5 Nd5 14. Nb3 h6 15. Bd2 Qb6 16. a5 Qa7 17. Rac1
cxd4 18. Nfxd4 Rd8 19. Nc6 Bxc6 20. Rxc6 Nb8 21. Rc4 $16 {1-0 Agdestein,
Simen-Cosma,Elena Luminita/Cappelle op Cappelle la Grande (3) ;EXT 2000 1999 
(29)}) 13... h6 14. Bf4 cxd4 15. Nd6+ Kf8 16. Nxb7 Qb6 17. Rfc1 $16 {1-0
Yakovich,Yuri-Cosma,Ioan/Cappelle op Cappelle la Grande (9) ;EXT 2000 1999 (31)
}) 12. Nc3 c5 13. d5 exd5 14. e5 Ng8 15. Bf5 Nb6 16. e6 fxe6 17. Bxe6 Nf6 18.
Ng5 Rf8 19. Nxh7 Qd6 (19... Rh8 20. Nxf6+ gxf6 21. Bf4 $16) 20. Nxf8 $16 {
1-0 Rashkovsky,Nukhim N-Onischuk,Alexander/Cap d'Agde op ;EXT 97 1994 (40)})
9... a6 10. a4 {Now it is quite difficult to play c6-c5 because of pressure on
pawn b5} (10. b3 $6 c5 (10... Be7 11. Bb2 c5 12. Rd1 cxd4 13. Bxd4 Qb8 14. Bb2
O-O 15. Nbd2 $14 {Wagner,R-Kleeschaetzky,Rainer/Oberliga Nord N9192 ;EXT 97-B
1992/1/2-1/2 (45)}) 11. Bb2 cxd4 $11 (11... Rc8 12. a4 bxa4 13. Rxa4 $14 {
[%csl Ra6]})) 10... Be7 11. Rd1 (11. Nbd2 Qc7 12. Nb3 b4 13. e4 c5 14. Bg5 cxd4
15. Rac1 Qb8 16. Nfxd4 Ng4 17. Qxg4 Ne5 18. Qh4 Bxg5 19. Qxg5 Nxd3 20. Qxg7 $18
{1-0 Scarella,Enrique-Escandon,Federico/WchT U26 Roque Saenz Pena (5) ;EXT 98
1997 (27)}) (11. e4 {1-0 - see game Rashkovsky,Nukhim N-Onischuk,Alexander/Cap
d'Agde op ;EXT 97 1994 (40)}) 11... Nb6 12. Nc3 $5 (12. axb5 cxb5 (12... axb5
13. Rxa8 Qxa8 14. e4 O-O 15. Bg5 $16 {[%csl Rb7]}) 13. e4 $14) 12... Nfd5 $5 (
12... b4 $5 13. Ne4 O-O 14. Qc2 Nbd7 (14... Nxe4 15. Bxe4 f5 16. Bd3 Rc8 17. a5
Nd5 18. Qe2 Nc7 19. b3 c5 20. Bb2 $14 (20. dxc5 Qd5 21. Bb2 Qxc5 22. Bd4 Qd6
23. Rac1 $14 (23. Be5 Qc5 24. Bxc7 Rxc7 25. Bxa6 Bd5 26. Bc4 Bxc4 27. Qxc4 Qxc4
28. bxc4 Rxc4 $11))) 15. Ne5 $16) 13. a5 Nxc3 $6 $16 (13... Nd7 $1 14. e4 Nb4 (
14... Nxc3 15. bxc3 $16) 15. Bb1 c5 16. d5 $5 (16. dxc5 Qc7 17. Na2 Nxa2 18.
Rxa2 Bxc5 19. Bd2 b4 (19... O-O 20. b4 Bd6 21. Rc2 Qb8 22. Bc3 $16) 20. b3 Rd8
21. Bd3 Nf6 22. Rc1 $14) 16... exd5 (16... O-O 17. d6 $6 (17. dxe6 fxe6 18. Ne5
Bc8 (18... Nxe5 19. Rxd8 Raxd8 20. Be3 $16) 19. Na2 {[%csl Rb4][%cal Ge5c6]}
Qc7 (19... Nxa2 20. Bxa2 c4 21. Nc6 Qe8 22. Nxe7+ Qxe7 23. b3 $16) 20. Nxd7
Bxd7 21. Nxb4 cxb4 22. Be3 Rac8 23. Ba2 $16) 17... Bf6 18. Bf4 e5 19. Bg3 Nc6
20. Nd5 Nd4 21. Nxd4 cxd4 22. Qg4 $132) 17. exd5 (17. Nxd5 Nxd5 18. exd5 O-O
19. d6 Bf6 $132) 17... O-O 18. d6 Bf6 19. Bf5 Re8 20. Be3 Nf8 $14) 14. bxc3 Na4
(14... Nd7 15. c4 bxc4 16. Bxc4 c5 17. d5 $1 $16 {[%csl Ya5,Rc5][%cal Gd1d8]} (
17. e4 cxd4 18. Nxd4 Qc7 (18... O-O 19. Nxe6 $1 $18) 19. Rb1 Rb8 20. Bd2 Nc5
$11)) 15. Qc2 Qxa5 16. Bd2 (16. c4 $5 Bf6 (16... c5 17. Bd2 Qc7 (17... Qb6 18.
Rdb1 Bxf3 19. cxb5 $1 $18) 18. cxb5 Nb6 (18... Bxf3 19. gxf3 Nb6 20. Rxa6 $18)
19. Ne5 $16) 17. Bd2 Qd8 18. c5 $16 {[%csl Ra4][%cal Gc2b1,Gd3c2]}) 16... Qd8
17. c4 {[%csl Ra4]} h6 (17... Bf6 18. Rdb1 Rb8 19. c5 $16 {[%csl Ra4][%cal
Gc2d1,Gd3c2]}) 18. c5 {[%csl Ra4]} O-O 19. Qb1 Ra7 (19... Rb8 20. Bh7+ Kh8 21.
Bc2 Bf6 22. Bxa4 bxa4 23. Rxa4 $16 {[%csl Ra6,Rb7,Rc6]}) 20. Bh7+ Kh8 21. Bc2
a5 $6 (21... Qd7 22. Bxa4 bxa4 23. Rxa4 Rb8 24. Ne5 $16) 22. Bxa4 bxa4 23. Rxa4
{Pawn a5 will be soon eated by White and Black's position will become lost.}
Qc7 (23... Bf6 24. Rxa5 Rxa5 25. Bxa5 $18) 24. Bxa5 $18 Qc8 25. Ra1 (25. Qb6
Ra6 26. Qb3 Ra8 27. Rda1 Ba6 28. Bb6 Bb7 29. Rxa8 Bxa8 30. Ra7 $18) 25... Ba6
26. Bb6 (26. Ne5 Bf6 27. Bb6 Ra8 28. Qe4 Bxe5 29. Qxe5 $16) 26... Ra8 27. Qb2
Qb7 28. Ra3 Bb5 29. Rda1 Rxa3 30. Qxa3 Bf6 31. Qa7 Qc8 (31... Qxa7 32. Rxa7 $18
) 32. Bc7 Kg8 33. Be5 {After bishop change realization of material wll not
complicated.} Be2 34. Bxf6 (34. Rb1 $5 Qa8 (34... Bxf3 35. Rb8 $18) 35. Rb7
Qxa7 36. Rxa7 Bxf3 (36... Bxe5 37. Nxe5 $18) 37. gxf3 (37. Bxf6 Bd5 38. Be5 f6
39. Bd6 Rf7 $16) 37... Bxe5 38. dxe5 Rd8 39. Rc7 Rd5 40. Rxc6 Rxe5 41. f4 Rh5
42. Rc8+ Kh7 43. c6 Rc5 44. Kf1 $16) 34... gxf6 (34... Bxf3 35. Bxg7 $18) 35.
Nd2 f5 (35... e5 36. Ne4 exd4 37. Nxf6+ (37. exd4 Qe6 38. Nd6 $18) 37... Kg7
38. Qa2 d3 (38... Kxf6 39. Qxe2 dxe3 40. Qxe3 $18) 39. Qb2 Kg6 40. Ne4 $18 {
[%csl Re2][%cal Ge4g3]}) 36. Re1 (36. Qe7 $6 {[%csl Rg8][%cal Ge7f6,Gh2h3]} Qd8
37. Qb7 Qb8 38. Ra7 (38. Qxc6 Qb2 $17) 38... Qxb7 39. Rxb7 Ra8 40. h4 Ra2 41.
Nf3 Bxf3 42. gxf3 f4 43. Rb6 (43. Kf1 Ra3 44. Ke2 Ra2+) 43... Ra3 44. Rxc6 fxe3
45. fxe3 Rxe3 46. Kf2 Rd3 47. Rd6 Kf8 48. Ke2 Rc3 49. Rd8+ Ke7 50. Rh8 e5 51.
dxe5 Rxc5 52. f4 $16) (36. Nb3 $6 Bb5 37. Qe7 Qd8 38. Qxd8 (38. Ra7 Qxe7 39.
Rxe7 Ra8 40. h4 Ra2 {[%csl Rb3]} 41. Rb7 Bc4 $14) 38... Rxd8 39. Ra7 f4 40.
exf4 Bc4 41. Na5 Rxd4 42. h3 Bd5 43. Rc7 Rxf4 44. Nxc6 Bxc6 45. Rxc6 Rc4 $16)
36... Qa6 37. Qxa6 Bxa6 38. Ra1 Be2 39. f3 Rd8 40. Kf2 Bb5 41. f4 (41. Ra7 $2
e5 42. Nb3 f4 43. exf4 (43. dxe5 fxe3+ $17) (43. g3 Bc4 $132 (43... fxe3+ 44.
Kxe3 Bc4 45. Na5 exd4+ 46. Kd2 Bd5 47. f4 Be4 $132)) 43... exd4 44. g4 d3 $14)
41... Rb8 42. Ra3 (42. Ra7 $6 Bd3 43. Rc7 Rb2 44. Ke1 Bb5 45. Ra7 $16) 42...
Rb7 43. h3 Kg7 44. g4 $6 {This move seems strong, but to change material can
do Black defence easier.} ({Strong was immediately} 44. e4 $1 fxe4 (44... f6
45. e5 fxe5 46. fxe5 $18 {[%cal Ga3a8]}) (44... Rd7 45. Ke3 h5 46. e5 (46. exf5
exf5 47. Nf3 Re7+ 48. Kf2 Re4 49. Kg3 Bc4 (49... Be2 50. Ne5 Rxd4 51. Ra7 Kf6
52. Rxf7+ Ke6 53. Rf8 $18) 50. Ra7 Bd5 51. Rc7 Re3 52. Kf2 Rd3 53. Ke2 Ra3 54.
Ne5 Ra2+ 55. Kd3 (55. Ke1 Ra4 56. Nxc6 Bxc6 57. Rxc6 Rxd4 $44) 55... Ra3+ 56.
Kd2 Ra2+ 57. Kc3 Rxg2 58. Nxc6 Rg3+ 59. Kd2 Rg2+ 60. Ke1 Rg1+ 61. Kf2 Rg2+ (
61... Rd1 62. Ne7 $18) 62. Kf1 Rd2 63. Ne7 Be6 64. d5 Bxd5 65. Ke1 Rd3 66. Rd7
Re3+ 67. Kd2 Be6 68. Kxe3 Bxd7 69. Nd5 $18) 46... Rb7 47. g3 f6 48. Ra8 fxe5
49. fxe5 $18) 45. Nxe4 Bc4 46. Nd6 Rb2+ 47. Ke1 Bd5 48. g4 Rb4 49. Ra7 Rxd4 50.
Rxf7+ Kg8 51. Rf6 Kh7 52. f5 e5 53. Re6 $1 $18) 44... fxg4 45. hxg4 f5 $1 46.
gxf5 exf5 47. e4 $6 (47. Nf3 $1 Bc4 (47... h5 48. Ne5 Kf6 49. Ra8 Rh7 50. Rf8+
Ke6 51. Rd8 $18) 48. Ne5 Rb2+ 49. Kg3 Bd5 50. Ra7+ Kf6 51. Rh7 Rg2+ 52. Kh3 Re2
53. Rxh6+ Kg7 54. Rd6 Rxe3+ 55. Kh4 Re4 56. Kg5 $18) 47... Rd7 48. Rg3+ $6 (48.
Ke3 $16) 48... Kf8 49. Ke3 Ra7 50. Nb1 (50. exf5 Ra3+ 51. Kf2 Ra2 52. Ke1 (52.
Ke3 Ra3+ $11) 52... Ra1+ $11) 50... fxe4 51. Nc3 Bc4 52. Kxe4 (52. f5 $1 {
[%cal Ge3f4]} h5 (52... Bd5 53. Kf4 Re7 54. Nxd5 cxd5 55. c6 $18) (52... Ra3
53. Kf4 $16) 53. Nxe4 (53. Kxe4 h4 54. Rf3 (54. Rh3 Ra3 {[%cal Ga3h3]} 55. Rf3
Kf7 56. Ke5 Bd5 57. Re3 Bg2 58. Kf4 (58. d5 $4 h3 $19) 58... h3 59. Kg3 Rb3 60.
Nd1 Rb4 $11) 54... Rh7 55. Rh3 Bf1 $11) 53... h4 54. Rg6 Bd5 55. Rh6 Ra3+ 56.
Kf4 Rd3 (56... h3 57. Ng5 Bg2 58. f6 $18) 57. Ke5 Re3 58. Rxh4 $18) 52... Re7+
53. Kf5 h5 54. Kf6 $2 (54. Kg5 $1 Rg7+ 55. Kh4 Rd7 56. Kxh5 (56. Rg6 Rxd4 $11)
56... Rxd4 57. Kg5 Bf7 (57... Bd5 58. Rh3 Rc4 59. Nxd5 cxd5 60. Kf6 Kg8 61.
Rg3+ Kh7 62. Kf7 Rxf4+ 63. Ke6 d4 64. Kd5 d3 65. Rxd3 Kg6 66. c6 $18) 58. Re3
Rc4 59. Ne4 Kg7 (59... Bd5 60. Nd6 Rxc5 61. Re8+ Kg7 62. Re7+ Kf8 63. Kf6 $18)
60. f5 Rc1 61. f6+ Kg8 $16) 54... Rf7+ 55. Ke5 h4 56. Rh3 Rh7 57. f5 Bf1 58.
Rh2 h3 59. d5 Re7+ 60. Kf4 Bg2 61. f6 (61. d6 Re1 $11 {[%csl Rh2]}) 61... Rh7
62. dxc6 Bxc6 63. Nd1 (63. Ne2 Bg2 $11) 63... Rh6 64. Kg3 Bd7 1/2-1/2